| 000 | 00385nam a2200169Ia 4500 | ||
|---|---|---|---|
| 005 | 20250423101310.0 | ||
| 008 | 250422s9999 xx 000 0 und d | ||
| 020 | _a9789780297428 | ||
| 050 | _aPR 9387.9 .S6 .J4/ | ||
| 100 | _aSoyinka, Wole | ||
| 245 | 4 | _aThe Jero plays | |
| 260 | _aLagos | ||
| 260 | _bSpectrum Books Limited | ||
| 260 | _c1964 | ||
| 300 | _a95 p | ||
| 942 | _cBK | ||
| 999 |
_c35896 _d35896 |
||